Kaiserreich-Exclusive 1936 Countries - Statistics

General Stats
  • This quiz has been taken 15 times
    6 since last reset
  • The average score is 12 of 31
Answer Stats
Hint Answer % Correct
Oceania Australasia
67%
Asia Fengtian Government
67%
Europe Flanders-Wallonia
67%
Europe The Austrian Empire
67%
Asia The Bharatiya People's Republic
67%
Europe The Federation of Communes of France
67%
Primarily Europe The German Empire
67%
Asia The Great Qing
67%
South America The Patagonian Workers' Front
67%
Central America The West Indies Federation
67%
Europe Ukraine
67%
Asia Azerbaijan
33%
Africa Egypt
33%
Asia Georgia
33%
Africa Somalia
33%
Europe the Kingdom of Portugal
33%
Europe The Kingdom of Spain
33%
Multicontinental The Ottoman Empire
33%
Asia The Princely Federation
33%
Europe The Republic of Italy
33%
Europe The Socialist Republic of Italy
33%
Europe The Two Sicilies
33%
Europe The United Baltic Duchy
33%
Europe White Ruthenia
33%
Asia Armenia
0%
Asia Burma
0%
Asia Jabal-Shammar
0%
Europe Russia
0%
Europe The Commonwealth of the Union of Britain
0%
Asia The Guarded Domains of Iran
0%
Europe The Kingdom of Poland
0%
No matching quizzes found
Score Distribution
Percent of People with Each Score
Percentile by Number Answered
Your Score History
You have not taken this quiz since the last reset